00394 a2200121 4500001001000000005001700010008004100027245007700068100002200145700003800167773005000205999001700255ART_4049420260410161842.0260409a 10aDecisión de la Corte Suprema en un caso de materia previsional militar1 aTorres, Ismael F.1 aFuria de Torres, Lilian Alicia G.0 tRAPg- Año 38, Nº 456 (sep. 2016)wREV5941 c24187d24187